00382pab a2200133 454500008004000000100002200040245010400062260000900166300001300175362001200188650002200200700001300222773001300235180718b2010 xxu||||| |||| 00| 0 eng d aChakraborty, Keya aLevels of imbalances in an urban agglomeration: Case study of KUA comprising parts of six districts c2010 ap.39-48. aJul-Sep aUrban development aSen, Joy aNagarlok